000 013100000a22002650004500
003 EG-GICUC
005 20250223025257.0
008 080519s2006 ua f m 000 0 ara d
040 _aEG-GICUC
_bara
_cEG-GICUC
041 0 _aara
049 _aاهداء
097 _aماجستير
099 _aCai01.28.02.M.Sc.2006.فا.د
100 0 _aفادى السيد العربى طه العباسى
245 1 0 _aدراسة مقارنة للاعتماد الاكاديمى فى التعليم العالى بين اليابان وفرنسا وامكانية الافادة منها فى مصر /
_cفادى السيد العربى طه العباسى ؛ اشراف راشد صبرى القصبى
246 1 5 _aA comparative study for academic accreditation in higher education in japan and france and how to make use of it in Egypt
260 _aبورسعيد :
_bفادى السيد العربى طه العباسى :
_c2006
300 _a242 ص ؛
_c25سم
502 _aاطروحة (ماجستير) - جامعة قناة السويس - كلية التربية ببورسعيد - قسم اصول التربية
700 0 _aراشد صبرى القصبى :
_eمشرف
856 _uhttp://172.23.153.220/th.pdf
905 _aMustafa
_eRevisor
905 _aSamia
_eCataloger
942 _2ddc
_cTH
999 _c9477
_d9477